000 01763nam0a2200349 4500
001 RU\NLR\BIBL_A\022003882
005 20231023132925.0
010 _a978-5-94841-606-9
_9100
021 _aRU
_bКН-П-23-043087
_9КН-П-23-4306
035 _a(NLR Aleph) 022003882
035 _a(RuMoRGB)011906865
090 _a12462617
_c12462617
100 _a20230811d2023 k y0rusy50 ca
101 0 _arus
102 _aRU
105 _aacghz 000zy
181 0 _ai3
_baxxe
182 0 _an
200 1 _aРегиональные традиции академического исполнительства на домре в России (на материале Среднего, Нижнего Поволжья и Урала)
_eмонография
_fЕ. С. Лопатова
_gМинистерство культуры Российской Федерации, Саратовская государственная консерватория имени Л. В. Собинова
203 _aТекст
_bвизуальный
_cнепосредственный
210 _aСаратов
_cСаратовская государственная консерватория имени Л. В. Собинова
_d2023
215 _a185 с.
_cил., портр., ноты, факс.
_d22
320 _aБиблиогр.: с. 128-146 (282 назв.)
606 1 _aДомровое исполнительство
_yРоссия
_92568662
_3RU\NLR\AUTH\6601730753
675 _a787(470)
_v4
686 1 _aЩ313(2Р=Рус)-67
686 1 _aЩ310.715.68-713
700 1 _aЛопатова
_bЕ. С.
_gЕкатерина Сергеевна
942 _cBOOK
980 _aNB